Interwoven globe (Record no. 7707)

MARC details
000 -CABECERA
campo de control de longitud fija 01297nam a2200301 a 4500
001 - NÚMERO DE CONTROL
campo de control BRCA_8039
005 - FECHA Y HORA DE LA ÚLTIMA TRANSACCIÓN
campo de control 20190320210115.0
008 - DATOS DE LONGITUD FIJA--INFORMACIÓN GENERAL
campo de control de longitud fija 130730s2013 nyua#####b---#001-0#eng-c
020 ## - NÚMERO INTERNACIONAL ESTÁNDAR DEL LIBRO
Número Internacional Estándar del Libro 9781588394965 (The Metropolitan Museum of Art)
020 ## - NÚMERO INTERNACIONAL ESTÁNDAR DEL LIBRO
Número Internacional Estándar del Libro 9780300196986 (Yale University Press)
040 ## - FUENTE DE LA CATALOGACIÓN
Centro catalogador/agencia de origen NNFr/DLC
Centro/agencia transcriptor NNFr
Centro/agencia modificador DLC
041 ## - CÓDIGO DE LENGUA
Código de lengua del texto/banda sonora o título independiente eng
044 ## - CÓDIGO DEL PAÍS DE LA ENTIDAD EDITORA/PRODUCTORA
Código MARC del país nyu
050 #4 - SIGNATURA TOPOGRÁFICA DE LA BIBLIOTECA DEL CONGRESO
Número de clasificación NK8806
Número de documento/Ítem .I58 2013
245 10 - MENCIÓN DE TÍTULO
Título Interwoven globe
Resto del título the worldwide textile trade, 1500-1800
Mención de responsabilidad, etc. edited by Amelia Peck ; with contributions by Amy Bogansky ... [et al.].
260 ## - PUBLICACIÓN, DISTRIBUCIÓN, ETC.
Lugar de publicación, distribución, etc. New York ; New Haven
Nombre del editor, distribuidor, etc. Metropolitan Museum of Art : Yale University Press
Fecha de publicación, distribución, etc. 2013
300 ## - DESCRIPCIÓN FÍSICA
Extensión x, 350 p.
Otras características físicas il. a color
Dimensiones 29 cm.
500 ## - NOTA GENERAL
Nota general Incluye glosario textil
500 ## - NOTA GENERAL
Nota general Published in conjunction with an exhibition held at The Metropolitan Museum of Art, New York, Sept. 16, 2013-Jan. 5, 2014
500 ## - NOTA GENERAL
Nota general Incluye piezas de la colección Franz Mayer: p. 34
504 ## - NOTA DE BIBLIOGRAFÍA, ETC.
Nota de bibliografía, etc. Incluye referencias bibliográficas e índice
650 14 - PUNTO DE ACCESO ADICIONAL DE MATERIA--TÉRMINO DE MATERIA
Término de materia o nombre geográfico como elemento de entrada Telas
Subdivisión de forma Exposiciones
Subdivisión general Historia
Subdivisión cronológica Siglo XVI-XVIII
9 (RLIN) 19977
650 14 - PUNTO DE ACCESO ADICIONAL DE MATERIA--TÉRMINO DE MATERIA
Término de materia o nombre geográfico como elemento de entrada Diseño textil
Subdivisión de forma Exposiciones
Subdivisión general Historia
Subdivisión cronológica Siglo XVI-XVIII
9 (RLIN) 19978
650 14 - PUNTO DE ACCESO ADICIONAL DE MATERIA--TÉRMINO DE MATERIA
Término de materia o nombre geográfico como elemento de entrada Exotismo en el arte
Subdivisión de forma Exposiciones
9 (RLIN) 19979
700 1# - PUNTO DE ACCESO ADICIONAL--NOMBRE DE PERSONA
Nombre de persona Peck, Amelia
Término indicativo de función/relación ed.
9 (RLIN) 19980
700 1# - PUNTO DE ACCESO ADICIONAL--NOMBRE DE PERSONA
Nombre de persona Bogansky, Amy Elizabeth
9 (RLIN) 19981
942 ## - ELEMENTOS DE PUNTO DE ACCESO ADICIONAL (KOHA)
Fuente del sistema de clasificación o colocación Library of Congress Classification
Tipo de ítem Koha Libros
Holdings
Estado de retiro Estado de pérdida Estado dañado No para préstamo Localización permanente Ubicación/localización actual Fecha de adquisición Total de préstamos Signatura topográfica completa Código de barras Fecha visto por última vez Precio válido a partir de Tipo de ítem Koha
El ejemplar forma parte de la colección y puede ser consultado según las políticas vigentes.       Biblioteca del Museo Franz Mayer (Rogerio Casas-Alatriste) Biblioteca del Museo Franz Mayer (Rogerio Casas-Alatriste) 26/03/2014   NK8806 .I58 2013 02809 22/03/2019 22/03/2019 Libros